| 000 | 00476pam a2200169 a 4500 | ||
|---|---|---|---|
| 020 | _a0070400105 (alk. paper) | ||
| 040 | _cDLC | ||
| 082 | 0 | 0 | _a620 MCG 1993 A038 Or. |
| 100 | 1 | _aMansfield, Scott, | |
| 245 | 1 | 0 | _aEngineering design for process facilities / |
| 260 |
_aNew York : _bMcGraw-Hill, _cc1993. |
||
| 300 |
_axii, 369 p. : _bill. ; _c29 cm. |
||
| 650 | 0 | _aProduction management. | |
| 650 | 0 | _aEngineering design. | |
| 650 | 0 | _aIndustrial engineering. | |
| 942 | _cEK | ||
| 999 |
_c11487 _d11487 |
||